000 00904nam a2200277Ia 4500
001 Para_1130
003 CHAP
008 220125s1997 xx 000 0 und d
010 _a199784
040 _cCHAP
090 _aPA TESIS 1096
100 _aPerez Ruiz, Jorge Alberto
_990003
245 _aUso de fertilizantes nitrogenados para reducir enfermedades en el cultivo del haba (Vicia faba L.) /
_c por Jorge Alberto Perez Ruiz
260 _aChapingo, Méx. :
_b El autor
300 _a104 h.
502 _aTesis (Ing. Agr. Esp. en Parasitología Agrícola), UACh. Depto. Parasitología
650 _aHaba
_x enfermedades
_952101
710 _aUACh. Departamento Parasitología Agrícola
_9164025
901 _aPA TESIS 1096
902 _aA
905 _a0000001997 a 0000000000 00
910 _a1997
942 _cPARA
942 _cPARA
_d1
999 _c199784
_d199784